000 00810nam a2200217Ia 4500
999 _c39351
_d39351
001 5938
003 GE_BSU
005 20190822123101.0
008 181216s1981||||ge |||||||||||||| ||geo||
040 _cGE_BSU
041 _ageo
080 _a821.353.1-1 ა-13
100 _aაბაშიძე, ირაკლი
_93740
245 _aერთტომეული :
_b ლექსები /
_cირაკლი აბაშიძე ; რედ. თ. აბულაძე.
264 _aთბილისი :
_bსაბჭოთა საქართველო ;
_c1981.
300 _a448 გვ. ;
_c22 სმ.
653 _aერთტომეული
653 _aლექსები
700 _aაბულაძე, თ.
_eრედაქტორი
_93718
942 _cBK
_2udc